000 00601cam a2200205 4500500
005 20260329003240.0
041 _afre
042 _adc
100 1 0 _aLequin, Mathilde
_eauthor
245 0 0 _aAu dos de nos images II (2005-2014)
260 _c2015.
500 _a25
690 _aCatherine Portevin
690 _aCinéma
690 _aCulpabilité
690 _aLuc Dardenne
690 _aMal
786 0 _nPhilosophie magazine | 87 | 3 | 2015-03-01 | p. 88-88 | 1951-1787
856 4 1 _uhttps://shs.cairn.info/magazine-philosophie-magazine-2015-3-page-88?lang=fr&redirect-ssocas=7080
999 _c1822781
_d1822781